000
00221nam a2200097Ia 4500
008
120527s9999 xx 000 0 und d
100
_a
Levis G. etal.
245
_a
The new model leader.
260
_b
Pergamon
942
_c
BK
999
_c
15686
_d
15686